000 00645nas a2200229 4500
001 BR8306019
003 BR-BrBNA
005 20231205085709.0
007 ta
008 230509b bl.|||p| |||| 00| 00por d
040 _aBR-BrBNA
_bpor
_cBiblioteca Nacional de Agricultura
041 _a(Pt)
072 _aL74
100 1 _aJunqueira, O.M.
245 1 _aFerro nos leitoes; a administracao do mineral previne a anemia
650 _aLEITAO
650 _aFERRO
650 _aANEMIA
773 0 _tGranja (Brazil)
_xISSN 0367-505X
_g(Nov 1983), v. 39(430) p. 47
_wBR8306019
909 _a202311
_bLúcia
_c55
_dLúcia Elande
942 _2AGRIS
_n0
_cANA
999 _c113151
_d113151